Giáo trình mật mã học & hệ thống thông tin an toàn
Tổng quan về bảo mật thông tin và lý thuyết mã hoá. Giới thiệu các kiến thức cơ bản về mã hoá khoá đối xứng, quản lý, phân phối khoá, mã hoá khoá công khai, chữ ký và chứng thực điện tử, cùng một số giao thức bảo mật thông dụng khác...
Saved in:
| Main Author: | |
|---|---|
| Format: | Book |
| Language: | Vietnamese |
| Published: |
H.
Thông tin và Truyền thông
2011
|
| Subjects: | |
| Tags: |
Add Tag
No Tags, Be the first to tag this record!
|
| Institutions: | Mạng thư viện Đại học Đà Nẵng |
|---|
| LEADER | 01629aam a22003738a 4500 | ||
|---|---|---|---|
| 001 | 000018601 | ||
| 003 | 15035 | ||
| 005 | 20131128151106.0 | ||
| 008 | 131128s2011 viesd | ||
| 020 | |c 48000đ |d 1000b | ||
| 041 | 0 | |a vie | |
| 082 | 1 | 4 | |2 14 |a 652 |b TH-T |
| 100 | 1 | |a Thái Thanh Tùng | |
| 245 | 1 | 0 | |a Giáo trình mật mã học & hệ thống thông tin an toàn |c Thái Thanh Tùng |
| 246 | |a Cryptography and secure information system | ||
| 260 | |a H. |b Thông tin và Truyền thông |c 2011 | ||
| 300 | |a 212 tr. |b hình vẽ, bảng |c 24 cm. | ||
| 504 | |a Phụ lục: tr. 177-212. - Thư mục cuối chính văn | ||
| 520 | |a Tổng quan về bảo mật thông tin và lý thuyết mã hoá. Giới thiệu các kiến thức cơ bản về mã hoá khoá đối xứng, quản lý, phân phối khoá, mã hoá khoá công khai, chữ ký và chứng thực điện tử, cùng một số giao thức bảo mật thông dụng khác | ||
| 650 | 0 | 4 | |2 Bộ TK TVQG |a Mật mã học |v Giáo trình |x Bảo mật thông tin |
| 650 | 7 | |2 Bộ TK TVQG | |
| 653 | |a Mật mã học | ||
| 653 | |a Hệ thống thông tin | ||
| 655 | 7 | |2 Bộ TK TVQG |a Giáo trình | |
| OWN | |a LSP | ||
| AVA | |a UDN50 |b LSP |d 652 TH-T |e check_holdings |t Error 5003 Not defined in file expand_doc_bib_avail. |h N |k 1 | ||
| 999 | |a From the UDN01 | ||
| AVA | |a UDN50 |b LSP |d 652 TH-T |e available |t Error 5001 Not defined in file expand_doc_bib_avail. |f 20 |g 1 |h N |i 11 |k 1 | ||
| TYP | |a Monograph | ||
| TYP | |a Printed language | ||
| 980 | |a Mạng thư viện Đại học Đà Nẵng | ||